|
|
|
|
| LEADER |
00000nab a2200000 a 4500 |
| 001 |
vtls000234249 |
| 003 |
SK-MaSNL |
| 005 |
20260304064846.0 |
| 008 |
250422c1985 xo 0 slo |
| 015 |
|
|
|a SNBRB19rr/mm-uuuuu
|
| 035 |
|
|
|a CL0244363
|
| 035 |
|
|
|a urn:nbn:sk:snk-ab672
|
| 035 |
|
|
|a (urnnbn)urn:nbn:sk:snk:ar-a035x2
|
| 035 |
|
|
|a (uuid)2442e0a5-e383-4bfc-bafb-bdcaec8048ea
|
| 040 |
|
|
|a SNKBUCL
|b slo
|c SNKBUCL
|e AACR2
|
| 041 |
0 |
|
|a slo
|
| 044 |
|
|
|a xo
|c SK
|
| 080 |
|
|
|a 746.077
|2 1981
|
| 080 |
|
|
|a 929 Selecká, Zuzana
|2 1981
|
| 100 |
1 |
|
|a Kovačevičová, Soňa,
|d 1921-2009
|4 aut
|9 132176
|
| 245 |
1 |
0 |
|a Súčasní tvorcovia a nositelia hodnôt ľudových umeleckých tradícií
|b Profil tvorby ľudovej umelkyne Zuzky Seleckej
|c Soňa Kovačevičová
|
| 300 |
|
|
|b Obr. 21. Res. rus., nem., lit. 28 zázn. v slov.
|
| 600 |
1 |
7 |
|a Selecká, Zuzana,
|d 1899-1994
|2 snkbucl
|9 57425
|
| 655 |
|
7 |
|a články z novín a časopisov
|2 snkbucl
|9 267496
|
| 773 |
0 |
|
|t Slovenský národopis
|g Roč. 33, č. 4 (1985), s. 709-731
|
| 850 |
|
|
|a Slovenská národná knižnica
|
| 852 |
|
|
|a Slovenská národná knižnica
|
| 954 |
|
|
|a odborná, vedecká literatúra pôvodná (slovenská)
|2 lita
|
| 958 |
|
|
|a article27
|
| 958 |
|
|
|a BX
|
| 958 |
|
|
|a NB
|
| 958 |
|
|
|a RK
|
| 958 |
|
|
|a OND
|
| 958 |
|
|
|a EUIPO
|
| 992 |
|
|
|a RBX
|
| 999 |
|
|
|c 2748294
|d 2750224
|